Carregando...

No time for crying

Detalhes bibliográficos
Autor principal: Wynne,Alison
Formato: Printed Book
Publicado em: Hongkong : Resource centre for Philippine concerns, 1980.
Assuntos:
LEADER 00787ngm a22001817a 4500
082 |a 305.409 99  |b WYN/N 
100 |a Wynne,Alison 
245 0 0 |a No time for crying  
260 |a Hongkong :  |b Resource centre for Philippine concerns,  |c 1980. 
300 |a 128p. 
500 |a Stories of Philippine women who care for their country and its people. 
650 0 |a Farmers  |z Philippines. 
650 0 |a Human rights  |z Philippines. 
650 0 |a Lay ministry  |z Philippines. 
942 |c BK 
999 |c 95294  |d 95294 
952 |0 0  |1 0  |4 0  |6 305_409000000000000_99_WYN_N  |7 0  |9 87985  |a SSS  |b SSS  |c GEN  |d 2011-08-05  |l 0  |o 305.409 99 WYN/N  |p SSSMK0004  |r 2011-08-05  |w 2011-08-05  |y BK 
952 |0 0  |1 0  |4 0  |6 305_409000000000000_99_WYN_N2  |7 0  |9 87986  |a SSS  |b SSS  |c CAS  |d 2012-05-16  |l 0  |o 305.409 99 WYN/N;2  |p SSSMK0259  |r 2012-05-16  |w 2012-05-16  |y BK